000 00240nam a2200109Ia 4500
008 190216s9999||||xx |||||||||||||| ||und||
100 _aKuchhal M C
245 0 _aMercantile Law
260 _bS Chand & Co
_c1987
300 _a613p
942 _cBK
999 _c5400
_d5400